| 000 | 00417 a2200109 4500 | ||
|---|---|---|---|
| 001 | ART_26194 | ||
| 005 | 20260410161936.0 | ||
| 008 | 260409a | ||
| 245 | 1 | 0 | _aBases conceptuales de la gestión socialmente responsable la superación ética de los criterios pragmáticos y utilitarios en la función directiva |
| 100 | 1 | _aEtkin, Jorge Ricardo | |
| 773 | 0 |
_tSaberEs _g- Nº 1 (jun. 2009) _wREV26089 |
|
| 999 |
_c29086 _d29086 |
||